Kvalita a jej vplyv na konkurencieschopnosť
Záujem o zameranie produktovej stratégie na kvalitu a zavedenie systému manažérstva kvality. Zavádzanie a certifikácia systémov manažérstva kvality. Hlavné prínosy zavedenia systému manažérstva kvality.
Uložené v:
| Hlavný autor: | |
|---|---|
| Médium: | Kapitola |
| Jazyk: | Slovak |
| Predmet: | |
| Tagy: |
Žiadne tagy, Buďte prvý, kto otaguje tento záznam!
|
MARC
| LEADER | 00000nla a2200000 4500 | ||
|---|---|---|---|
| 001 | 0224948 | ||
| 005 | 20240502073703.1 | ||
| 041 | 0 | |a slo | |
| 044 | |a SK | ||
| 245 | 1 | 0 | |a Kvalita a jej vplyv na konkurencieschopnosť |c Alica Lacková |
| 520 | |a Záujem o zameranie produktovej stratégie na kvalitu a zavedenie systému manažérstva kvality. Zavádzanie a certifikácia systémov manažérstva kvality. Hlavné prínosy zavedenia systému manažérstva kvality. | ||
| 610 | 2 | 0 | |a manažment produktový |
| 610 | 2 | 0 | |a riadenie kvality |
| 610 | 2 | 0 | |a kvalita výrobkov |
| 610 | 2 | 0 | |a kvalita tovaru |
| 610 | 2 | 0 | |a certifikáty |
| 610 | 2 | 0 | |a systémy kvality |
| 610 | 2 | 0 | |a konkurencieschopnosť |
| 100 | 1 | |a Lacková, Alica | |